|
|
|
|
| LEADER |
01052nam a2200265 a 4500 |
| 001 |
1069381 |
| 008 |
100111s1991 cau b 001 0 eng d |
| 010 |
|
|
|a 91011125
|
| 020 |
|
|
|a 0803932472 (c)
|
| 020 |
|
|
|a 0803932480 (p)
|
| 040 |
|
|
|a DLC
|c DLC
|d DLC
|d BD-DhAAL
|
| 082 |
0 |
0 |
|a 306.85/072
|2 20
|
| 100 |
1 |
|
|a Copeland, Anne P.,
|d 1951-
|
| 245 |
1 |
0 |
|a Studying families /
|c Anne P. Copeland, Kathleen M. White.
|
| 260 |
|
|
|a Newbury Park, Calif. :
|b Sage Publications,
|c c1991.
|
| 300 |
|
|
|a ix, 116 p. ;
|c 22 cm.
|
| 490 |
0 |
|
|a Applied social research methods series ;
|v v. 27
|
| 504 |
|
|
|a Includes bibliographical references (p. 105-113) and index.
|
| 541 |
1 |
|
|e 00005750
|
| 650 |
|
0 |
|a Families
|x Research.
|
| 650 |
|
0 |
|a Families
|x Research
|z United States.
|
| 700 |
1 |
|
|a White, Kathleen M.,
|d 1940-
|
| 852 |
4 |
|
|a Ayesha Abed Library
|j General shelf
|
| 999 |
|
|
|c 6887
|d 6887
|
| 952 |
|
|
|0 0
|1 0
|2 ddc
|4 0
|6 306_850720000000000_COP_1991
|7 0
|9 7099
|a BRACUL
|b BRACUL
|d 2010-01-12
|g 0.00
|l 2
|o 306.85072 COP
|p 3010005750
|r 2017-12-03
|s 2017-12-01
|t 1
|w 2010-01-12
|y BK
|z Not price in Register
|